000
00259nam a2200097Ia 4500
008
240331s9999 xx 000 0 und d
082
_b
WEI
100
_a
Weiss,G
245
4
_a
The Cage :
_b
The Fight for Sri Lanka and the Last Days of the Tamil Tigers
942
_c
L
999
_c
5761
_d
5761